In memorium Egon Schiele /

Saved in:
Bibliographic Details
Main Author: Roessler, Arthur.
Other Authors: Benesch, Otto, 1896-1964.
Format: Book
Language:German
Published: Wien : Langi, 1921.
Subjects:
Tags: Add Tag
No Tags, Be the first to tag this record!
LEADER 00727nam a2200193Ia 4500
001 005358043-5
005 20020606095253.2
008 820127s1921 au 000 0bger d
035 0 |a ocm08098272 
040 |a VLW  |c VLW  |d HFL 
100 1 |a Roessler, Arthur. 
245 1 0 |a In memorium Egon Schiele /  |c Herausgegeben von Arthur Roessler ; mit Berträgen von : Otto Benesch, F. Th. Csokor, Dr. Max Eisler, P. Gütersloh, E. Kapralik, Dr. Kurt Rathe, Dr. Erwin Rieger, Dr. Paul Stefan und Prof. Dr. Hans Tietze. 
260 |a Wien :  |b Langi,  |c 1921. 
300 |a 58 p. :  |b port. ;  |c 25 cm. 
600 1 0 |a Schiele, Egon,  |d 1890-1918. 
700 1 |a Benesch, Otto,  |d 1896-1964. 
730 0 |a Festschrift ... Schiele. 
988 |a 20020608 
906 |0 OCLC